Clash royale: carte con più vita - Statistics

Statistiche generali
  • Questo quiz è stato fatto 118 volte
    107 dall'ultimo reset
  • Il punteggio medio è 5 su 20
Statistiche sulle risposte
Punti vita Risposta % Corretto
5120 hp Golem
96%
4091 hp Gigante
81%
3760 hp Pekka
54%
3993 hp Gran cavaliere
51%
3856 hp Gigante elettrico
37%
3811 hp Mastino lavico
33%
3072 hp Gigante royale
27%
3147 hp Gigante goblin
22%
3600 hp Scheletro Gigante
14%
2080 hp Bocciatore
8%
1753 hp Cavaliere
6%
1696 hp Domatore
6%
1920 hp Principe
6%
1908 hp Valchiria
6%
2300 hp Re degli scheletri
5%
2200 hp Minatore colossale
4%
1800 hp Cavaliere d'oro
3%
1767 hp Domatrice di arieti
1%
1717 hp Guaritrice
1%
2000 hp Monaco
1%
Nessun quiz corrispondente trovato
Distribuzione punteggi
Percentuale di utenti per punteggio
Percentile per numero di risposta
I tuoi punteggi nel tempo
Non hai fatto questo quiz dall'ultimo reset